[Event "Sunway Formentera op 3rd"]
[Site "Sant Ferran de ses Roques"]
[Date "2024.04.19"]
[Round "10"]
[White "Alsina Leal, Daniel"]
[Black "Donchenko, Alexander"]
[Result "0-1"]
[WhiteElo "2497"]
[BlackElo "2633"]
[PlyCount "132"]
[EventDate "2024.04.09"]
[EventType "swiss"]
[EventRounds "10"]
[EventCountry "ESP"]
[SourceTitle "CB17_2024"]
[SourceDate "2024.04.24"]
[SourceVersion "1"]
[SourceVersionDate "2024.04.24"]
[SourceQuality "1"]

1. e4 c5 2. Nf3 d6 3. Bb5+ Nd7 4. 0-0 a6 5. Bd3 Ngf6 6. Re1 e6 7. c3 b5 8. Bc2 c4 9. a4 Bb7 10. d4 cxd3 11. Qxd3 Nc5 12. Qe2 Nxa4 13. Rxa4 bxa4 14. Bxa4+ Nd7 15. e5 Qc7 16. Bf4 Bxf3 17. Qxf3 d5 18. Nd2 Rd8 19. h4 Be7 20. Qg4 Kf8 21. h5 Nc5 22. Bc2 d4 23. cxd4 Rxd4 24. Qf3 Qd8 25. Be3 Nd3 26. Bxd3 Rxd3 27. Rc1 h6 28. Qb7 Qd5 29. Qc8+ Bd8 30. Qc2 Kg8 31. Nc4 Be7 32. Ra1 Bg5 33. Ra5 Rd1+ 34. Kh2 Qd3 35. Qxd3 Rxd3 36. Bc5 Rd5 37. b4 Bf4+ 38. g3 Bxe5 39. Ne3 Rd7 40. Rxa6 Bd4 41. Bxd4 Rxd4 42. b5 Rb4 43. Rb6 Kh7 44. Rb7 Rf8 45. Kh3 Rd4 46. f4 Rdd8 47. b6 Rb8 48. Rxb8 Rxb8 49. Nc4 Kg8 50. Kg4 Rc8 51. b7 Rb8 52. Na5 f6 53. f5 e5 54. Kf3 Kf8 55. Ke4 Ke8 56. Kd5 Kd7 57. Nb3 Rxb7 58. Nc5+ Kc8 59. Nxb7 Kxb7 60. Kc5 Ka6 61. Kc4 Kb6 62. Kb4 Kc6 63. Kc4 Kd6 64. Kc3 Kc5 65. Kd3 Kd5 66. Ke3 e4 0-1

[Event "Sunway Formentera op 3rd"]
[Site "Sant Ferran de ses Roques"]
[Date "2024.04.12"]
[Round "4"]
[White "Pranav, V."]
[Black "Donchenko, Alexander"]
[Result "1/2-1/2"]
[WhiteElo "2604"]
[BlackElo "2633"]
[PlyCount "146"]
[EventDate "2024.04.09"]
[EventType "swiss"]
[EventRounds "10"]
[EventCountry "ESP"]
[SourceTitle "CB17_2024"]
[SourceDate "2024.04.24"]
[SourceVersion "1"]
[SourceVersionDate "2024.04.24"]
[SourceQuality "1"]

1. e4 e5 2. Nf3 Nc6 3. Bb5 a6 4. Ba4 Nf6 5. 0-0 Be7 6. Bxc6 dxc6 7. d3 Bd6 8. Nbd2 Be6 9. b3 Nd7 10. Bb2 Qe7 11. d4 f6 12. Qe2 0-0-0 13. dxe5 fxe5 14. a3 g5 15. b4 g4 16. Ne1 Nb6 17. Nd3 Qg5 18. f4 exf4 19. Bxh8 f3 20. Qf2 Rxh8 21. e5 fxg2 22. Rfe1 Be7 23. Ne4 Qh6 24. Qe3 Qg7 25. Nf4 Bf5 26. Rad1 Bh4 27. Re2 Qxe5 28. Nxg2 Bd8 29. Rd4 Nd5 30. Qf2 Bg6 31. Nc5 Qg5 32. c4 Nc3 33. Re3 Bf6 34. Ne6 Qf5 35. Qxf5 Bxf5 36. Rf4 Nd1 37. Rxf5 Nxe3 38. Nxe3 Bb2 39. Nc2 Re8 40. Rf8 Rxf8 41. Nxf8 h5 42. Ne6 h4 43. Ned4 Kd7 44. Nf5 Ke6 45. Nfe3 g3 46. hxg3 hxg3 47. Kg2 Ke5 48. Kf3 b5 49. c5 Bc1 50. Ke2 Ke4 51. Nd1 g2 52. Nc3+ Ke5 53. Kf2 Bd2 54. Nb1 Bc1 55. Kxg2 Ke4 56. Kf2 Kd3 57. Ne1+ Kc4 58. Ke2 Bxa3 59. Nxa3+ Kxb4 60. Nac2+ Kxc5 61. Kd3 a5 62. Nf3 a4 63. Ne3 Kb6 64. Ne5 c5 65. Nd5+ Kb7 66. Kc3 c6 67. Ne3 Kc7 68. Nf5 c4 69. Nd4 a3 70. Nexc6 a2 71. Kb2 c3+ 72. Kxa2 c2 73. Nxc2 Kxc6 1/2-1/2

[Event "Titled Tuesday intern op 02nd Apr Early"]
[Site "Chess.com INT"]
[Date "2024.04.02"]
[Round "3"]
[White "Donchenko, Alexander"]
[Black "Goroshkov, Maksym"]
[Result "1-0"]
[WhiteElo "2633"]
[BlackElo "2363"]
[PlyCount "69"]
[EventDate "2024.04.02"]
[EventType "swiss (blitz)"]
[EventRounds "11"]
[EventCountry "USA"]
[SourceTitle "CB15_2024"]
[SourceDate "2024.04.10"]
[SourceVersion "1"]
[SourceVersionDate "2024.04.10"]
[SourceQuality "1"]

1. e4 e5 2. Nf3 d6 3. d4 Bg4 4. dxe5 Nd7 5. exd6 Bxd6 6. Be2 Ngf6 7. Nc3 Qe7 8. h3 Bh5 9. Bg5 0-0-0 10. Nd4 Bg6 11. 0-0 Nc5 12. Bd3 c6 13. Re1 Rhe8 14. Nb3 Nxb3 15. axb3 Qe5 16. f4 Qc5+ 17. Kh1 Nh5 18. e5 Be7 19. Bxe7 Rxe7 20. Qg4+ Kb8 21. f5 Rd4 22. Ne4 Qxe5 23. fxg6 hxg6 24. Qf3 f5 25. c3 Rxd3 26. Qxd3 Kc7 27. Ng5 Ng3+ 28. Kg1 Ne2+ 29. Kf1 Ng3+ 30. Kf2 Qf4+ 31. Nf3 Ne4+ 32. Kg1 Qg3 33. Qe3 f4 34. Qd4 Rd7 35. Qxe4 1-0

[Event "Titled Tuesday intern op 02nd Apr Early"]
[Site "Chess.com INT"]
[Date "2024.04.02"]
[Round "1"]
[White "Donchenko, Alexander"]
[Black "Kopczynski, Michal"]
[Result "1-0"]
[WhiteElo "2633"]
[BlackElo "2225"]
[PlyCount "67"]
[EventDate "2024.04.02"]
[EventType "swiss (blitz)"]
[EventRounds "11"]
[EventCountry "USA"]
[SourceTitle "CB15_2024"]
[SourceDate "2024.04.10"]
[SourceVersion "1"]
[SourceVersionDate "2024.04.10"]
[SourceQuality "1"]

1. e4 b6 2. d4 Bb7 3. Bd3 e6 4. Nc3 Nf6 5. Nge2 d5 6. e5 Nfd7 7. 0-0 c5 8. f4 c4 9. f5 cxd3 10. Qxd3 Qh4 11. Rf4 Qe7 12. Nb5 Qd8 13. fxe6 fxe6 14. Qh3 Nxe5 15. Qxe6+ Qe7 16. Nd6+ Kd8 17. Nxb7+ Qxb7 18. Qxe5 Nd7 19. Qg5+ Be7 20. Qxg7 Kc7 21. Rf7 Rhg8 22. Bf4+ Kc6 23. Qh6+ Rg6 24. Qxh7 Nf8 25. Rxf8 Rxf8 26. Qxg6+ Rf6 27. Qd3 Qd7 28. Rf1 Qg4 29. h3 Qh5 30. Be5 Rxf1+ 31. Kxf1 Bh4 32. Qf3 Qg6 33. Nf4 Qxc2 34. Qxd5# 1-0

[Event "Titled Tuesday intern op 02nd Apr Early"]
[Site "Chess.com INT"]
[Date "2024.04.02"]
[Round "5"]
[White "Donchenko, Alexander"]
[Black "Martinez Alcantara, Jose Eduardo"]
[Result "1-0"]
[WhiteElo "2633"]
[BlackElo "2603"]
[PlyCount "107"]
[EventDate "2024.04.02"]
[EventType "swiss (blitz)"]
[EventRounds "11"]
[EventCountry "USA"]
[SourceTitle "CB15_2024"]
[SourceDate "2024.04.10"]
[SourceVersion "1"]
[SourceVersionDate "2024.04.10"]
[SourceQuality "1"]

1. c4 c5 2. g3 Nc6 3. Bg2 g6 4. Nc3 Bg7 5. Nf3 d6 6. 0-0 e6 7. e3 Nge7 8. d4 0-0 9. b3 Nf5 10. Ne2 e5 11. dxe5 dxe5 12. Rb1 Nd6 13. Bb2 e4 14. Nd2 Bxb2 15. Rxb2 Qf6 16. Qa1 Re8 17. Nb1 Nb4 18. Nbc3 Qe5 19. Rd2 Bf5 20. Nd5 Nxd5 21. Rxd5 Qe7 22. Rxc5 Rad8 23. Nf4 Nc8 24. Rd5 Nb6 25. Rxd8 Rxd8 26. Rd1 Rxd1+ 27. Qxd1 Qa3 28. g4 Bc8 29. Bxe4 Nd7 30. Qd2 Qe7 31. Bg2 Ne5 32. h3 Qg5 33. Qd6 Kg7 34. h4 Qf6 35. Qxf6+ Kxf6 36. g5+ Ke7 37. Nd5+ Kd6 38. Nf6 Bf5 39. Bxb7 Bb1 40. Ne4+ Kc7 41. Bd5 Bxa2 42. Nd2 a5 43. f4 Nd3 44. Bxf7 Nc5 45. f5 gxf5 46. h5 Kd6 47. g6 hxg6 48. h6 Ke7 49. h7 Nxb3 50. Nxb3 Bxb3 51. Bd5 Bxc4 52. Bxc4 Kd6 53. h8Q Kc5 54. Qd4+ 1-0

[Event "Mitropa Cup"]
[Site "Apolda"]
[Date "2024.02.19"]
[Round "5.19"]
[White "Donchenko, Alexander"]
[Black "Tomulic, Teo"]
[Result "1-0"]
[WhiteElo "2636"]
[BlackElo "2357"]
[PlyCount "119"]
[EventDate "2024.02.15"]
[EventType "team-tourn"]
[EventRounds "9"]
[EventCountry "GER"]
[SourceTitle "CB09_2024"]
[SourceDate "2024.02.28"]
[SourceVersion "1"]
[SourceVersionDate "2024.02.28"]
[SourceQuality "1"]
[WhiteTeam "Germany"]
[BlackTeam "Croatia"]
[WhiteTeamCountry "GER"]
[BlackTeamCountry "CRO"]

1. e4 e5 2. Nf3 Nf6 3. Nxe5 d6 4. Nf3 Nxe4 5. Nc3 Nxc3 6. dxc3 Nc6 7. Be3 Be7 8. Bd3 Be6 9. Qe2 Bf6 10. 0-0-0 Qe7 11. Kb1 a6 12. h3 h6 13. Rhe1 0-0-0 14. Nd2 Bg5 15. f4 Bh4 16. Bf2 Bxf2 17. Qxf2 Qf8 18. Qf1 Kb8 19. Nf3 Bc8 20. Be4 Ne7 21. Nd4 Ng8 22. c4 Nf6 23. Bf3 Re8 24. Rd3 Nd7 25. Rde3 Rxe3 26. Rxe3 Qd8 27. Qe1 Qf6 28. Ne2 Nc5 29. Qc3 Qxc3 30. Nxc3 Ne6 31. Ne2 Bd7 32. Kc1 Re8 33. Kd2 Nc5 34. Bd5 Rxe3 35. Kxe3 Be8 36. g4 c6 37. Bf3 Kc7 38. h4 Kd8 39. Ng3 g6 40. b4 Nd7 41. Ne4 Ke7 42. c5 dxc5 43. bxc5 b6 44. cxb6 Nxb6 45. Nc5 Kd6 46. Kd4 f6 47. c4 Nd7 48. Ne4+ Kc7 49. g5 hxg5 50. hxg5 fxg5 51. fxg5 Bf7 52. Nc5 Nxc5 53. Kxc5 Be6 54. Be4 Bf7 55. a3 Be8 56. Bf3 Bd7 57. Be2 Bc8 58. Bd3 Be6 59. Bxg6 Bg8 60. Be8 1-0

[Event "Mitropa Cup"]
[Site "Apolda"]
[Date "2024.02.15"]
[Round "1.2"]
[White "David, Alberto"]
[Black "Donchenko, Alexander"]
[Result "1-0"]
[WhiteElo "2506"]
[BlackElo "2636"]
[PlyCount "95"]
[EventDate "2024.02.15"]
[EventType "team-tourn"]
[EventRounds "9"]
[EventCountry "GER"]
[SourceTitle "CB09_2024"]
[SourceDate "2024.02.28"]
[SourceVersion "1"]
[SourceVersionDate "2024.02.28"]
[SourceQuality "1"]
[WhiteTeam "Italy"]
[BlackTeam "Germany"]
[WhiteTeamCountry "ITA"]
[BlackTeamCountry "GER"]

1. d4 Nf6 2. c4 e6 3. Nc3 Bb4 4. e3 c5 5. Nge2 d5 6. a3 Ba5 7. dxc5 dxc4 8. Qxd8+ Kxd8 9. Bd2 Nbd7 10. Ng3 Nd5 11. Nge4 Bxc3 12. Nxc3 Nxc5 13. Rd1 Ke7 14. Nxd5+ exd5 15. Bb4 b6 16. Rxd5 Be6 17. Rd4 a5 18. Bc3 b5 19. Rh4 f6 20. Be2 h6 21. Rh5 Rhc8 22. Bd4 Nb3 23. Bf3 Nxd4 24. Bxa8 Bf7 25. Rh4 Nf5 26. Rf4 Nd6 27. Bf3 c3 28. bxc3 Rxc3 29. 0-0 Rxa3 30. Rc1 Bc4 31. Rd4 Rd3 32. Rxd3 Bxd3 33. Rc7+ Ke6 34. Rxg7 a4 35. Ra7 Nc4 36. Bc6 Ne5 37. Be8 Kd5 38. f4 Ng4 39. Re7 f5 40. h3 Nf6 41. Re5+ Kd6 42. Bxb5 Bxb5 43. Rxb5 Nd5 44. Ra5 Nc3 45. g4 Kc6 46. gxf5 Kb6 47. Ra8 Kb7 48. f6 1-0

[Event "Titled Tuesday intern op 13th Feb Early"]
[Site "Chess.com INT"]
[Date "2024.02.13"]
[Round "5"]
[White "Donchenko, Alexander"]
[Black "Aslanov, Umid Fuad"]
[Result "1/2-1/2"]
[WhiteElo "2636"]
[BlackElo "2211"]
[PlyCount "73"]
[EventDate "2024.02.13"]
[EventType "swiss (blitz)"]
[EventRounds "11"]
[EventCountry "USA"]
[SourceTitle "CB08_2024"]
[SourceDate "2024.02.21"]
[SourceVersion "1"]
[SourceVersionDate "2024.02.21"]
[SourceQuality "1"]

1. Nf3 d5 2. e3 Nf6 3. c4 e6 4. Nc3 Be7 5. b3 dxc4 6. bxc4 b6 7. Bb2 Bb7 8. Be2 c5 9. Qc2 0-0 10. Rg1 Nc6 11. g4 Nb4 12. Qb1 Rc8 13. g5 Nd7 14. a3 Bxf3 15. Bxf3 Ne5 16. Be4 Nbd3+ 17. Bxd3 Qxd3 18. Rg3 Rfd8 19. Ne4 Qxc4 20. Bxe5 Rd3 21. Nf6+ Bxf6 22. gxf6 Rcd8 23. Rxg7+ Kh8 24. Qd1 Qe4 25. Qg4 Qh1+ 26. Qg1 Qe4 27. Bc3 Rxc3 28. dxc3 Qd3 29. Qg4 Qxc3+ 30. Ke2 Rd2+ 31. Kf3 Qxf6+ 32. Qf4 Qxg7 33. Qb8+ Qg8 34. Qe5+ Qg7 35. Qb8+ Qg8 36. Qe5+ Qg7 37. Qb8+ 1/2-1/2

[Event "Titled Tuesday intern op 13th Feb Early"]
[Site "Chess.com INT"]
[Date "2024.02.13"]
[Round "1"]
[White "Donchenko, Alexander"]
[Black "Teterev, Vitaly"]
[Result "1-0"]
[WhiteElo "2636"]
[BlackElo "2257"]
[PlyCount "87"]
[EventDate "2024.02.13"]
[EventType "swiss (blitz)"]
[EventRounds "11"]
[EventCountry "USA"]
[SourceTitle "CB08_2024"]
[SourceDate "2024.02.21"]
[SourceVersion "1"]
[SourceVersionDate "2024.02.21"]
[SourceQuality "1"]

1. Nf3 d5 2. g3 Nd7 3. Bg2 e5 4. 0-0 Bd6 5. c4 c6 6. cxd5 cxd5 7. Nc3 Ngf6 8. d3 0-0 9. Bd2 a6 10. Rc1 b5 11. d4 e4 12. Ne1 h6 13. f3 Bb7 14. fxe4 dxe4 15. Nc2 Nb6 16. Bf4 Re8 17. e3 Nc4 18. b3 Nb6 19. Bh3 Nbd5 20. Nxd5 Nxd5 21. Qh5 Bxf4 22. gxf4 Bc8 23. Bg2 Nf6 24. Qh4 Bf5 25. Nb4 Rc8 26. Nxa6 Qa5 27. Nc5 Qxa2 28. Ra1 Qd2 29. Qe1 Qxe1 30. Rfxe1 Ra8 31. h3 b4 32. Kf2 Reb8 33. Ke2 Kf8 34. Kd2 Ke7 35. Ra4 Rxa4 36. bxa4 b3 37. Rb1 b2 38. a5 Be6 39. a6 Nd7 40. Bxe4 Nxc5 41. dxc5 Ba2 42. a7 Rd8+ 43. Kc2 Bxb1+ 44. Kxb1 1-0

[Event "Titled Tuesday intern op 13th Feb Early"]
[Site "Chess.com INT"]
[Date "2024.02.13"]
[Round "3"]
[White "Donchenko, Alexander"]
[Black "Voicu, Teodor Mihnea"]
[Result "1-0"]
[WhiteElo "2636"]
[BlackElo "2145"]
[PlyCount "153"]
[EventDate "2024.02.13"]
[EventType "swiss (blitz)"]
[EventRounds "11"]
[EventCountry "USA"]
[SourceTitle "CB08_2024"]
[SourceDate "2024.02.21"]
[SourceVersion "1"]
[SourceVersionDate "2024.02.21"]
[SourceQuality "1"]

1. e4 c5 2. Nf3 e6 3. c3 Nf6 4. e5 Nd5 5. d4 cxd4 6. cxd4 d6 7. Bd3 Nc6 8. 0-0 Be7 9. Qe2 b6 10. Rd1 Bb7 11. Nbd2 Nf4 12. Qe3 Nxd3 13. Qxd3 dxe5 14. Ne4 exd4 15. Bg5 f6 16. Bd2 0-0 17. Rac1 Qd5 18. a3 Rac8 19. h4 Rfd8 20. Ng3 f5 21. Re1 Bf6 22. Bg5 Rf8 23. Bxf6 Rxf6 24. Nh5 Rh6 25. Nf4 Qd6 26. Ne2 Rd8 27. Ng3 Rf6 28. b4 a6 29. b5 axb5 30. Qxb5 Na5 31. Ne5 Qd5 32. Qxd5 Bxd5 33. Nh5 Rff8 34. Nf4 Bb3 35. Rc7 Rfe8 36. h5 Rc8 37. Rec1 Rxc7 38. Rxc7 Nc4 39. Nxc4 Bxc4 40. Rxc4 e5 41. Nd5 Rf8 42. Ne7+ Kf7 43. Nxf5 Kf6 44. g4 g6 45. hxg6 hxg6 46. Ng3 Kg5 47. Rc6 Kxg4 48. Rxg6+ Kf3 49. Rxb6 d3 50. Rd6 e4 51. Rd4 Rg8 52. a4 Rg5 53. Rxe4 Rd5 54. Re1 Rd4 55. Rd1 d2 56. a5 Kg4 57. Kg2 Ra4 58. Rxd2 Rxa5 59. Rd4+ Kg5 60. Ne4+ Kf5 61. Nd2 Ke5 62. Rd3 Kf6 63. f4 Kf5 64. Kf3 Rc5 65. Ne4 Rc2 66. Ng3+ Kf6 67. Rd5 Rc3+ 68. Kg4 Rc6 69. Ne4+ Kf7 70. f5 Rc4 71. Kf4 Rc2 72. Ng5+ Kf6 73. Rd6+ Ke7 74. Re6+ Kd7 75. Ne4 Re2 76. Nf6+ Kd8 77. Rxe2 1-0

[Event "Titled Tuesday intern op 13th Feb Early"]
[Site "Chess.com INT"]
[Date "2024.02.13"]
[Round "11"]
[White "Hong, Andrew Z"]
[Black "Donchenko, Alexander"]
[Result "0-1"]
[WhiteElo "2542"]
[BlackElo "2636"]
[PlyCount "138"]
[EventDate "2024.02.13"]
[EventType "swiss (blitz)"]
[EventRounds "11"]
[EventCountry "USA"]
[SourceTitle "CB08_2024"]
[SourceDate "2024.02.21"]
[SourceVersion "1"]
[SourceVersionDate "2024.02.21"]
[SourceQuality "1"]

1. d4 Nf6 2. Nc3 d5 3. Bf4 c5 4. e3 cxd4 5. exd4 Nc6 6. Nb5 e5 7. dxe5 a6 8. Nd4 Ne4 9. Ngf3 Bb4+ 10. c3 Nxc3 11. bxc3 Bxc3+ 12. Bd2 Bxd4 13. Nxd4 Nxd4 14. Bd3 0-0 15. Qh5 g6 16. Qh6 Bf5 17. Bxf5 Nxf5 18. Qf4 Re8 19. 0-0 Qh4 20. Rab1 Qxf4 21. Bxf4 b5 22. Rfd1 Red8 23. Bg5 Rd7 24. Rbc1 h6 25. Bf6 Ng7 26. Rc5 d4 27. Rdc1 Ne8 28. Rc8 Rxc8 29. Rxc8 Kf8 30. Kf1 d3 31. Ke1 Rc7 32. Ra8 Rc1+ 33. Kd2 Rc2+ 34. Kxd3 Rxa2 35. Bh4 g5 36. Bg3 Ke7 37. f4 Ng7 38. Ke4 gxf4 39. Bxf4 Ne6 40. Bxh6 Rxg2 41. Ra7+ Ke8 42. Be3 Rxh2 43. Rxa6 Rh4+ 44. Kf5 Rh3 45. Ke4 Rh4+ 46. Kf5 Rc4 47. Rb6 Nc7 48. Bg5 Kd7 49. Rf6 Ke8 50. Rb6 b4 51. Bd2 Nd5 52. Rb5 Rd4 53. Bg5 Kd7 54. Rb7+ Kc6 55. Rxf7 b3 56. Bc1 Rc4 57. Ba3 Ra4 58. Bc1 Ra1 59. Bb2 Ra2 60. Bc1 Rc2 61. Ba3 Ne3+ 62. Ke4 Nc4 63. Rf6+ Kb5 64. Be7 b2 65. Rf1 Rc1 66. Rf8 b1Q+ 67. Kd5 Qd3+ 68. Ke6 Re1 69. Bf6 Nxe5 0-1

[Event "Titled Tuesday intern op 13th Feb Early"]
[Site "Chess.com INT"]
[Date "2024.02.13"]
[Round "6"]
[White "Parpiev, Isaak"]
[Black "Donchenko, Alexander"]
[Result "0-1"]
[WhiteElo "2285"]
[BlackElo "2636"]
[PlyCount "98"]
[EventDate "2024.02.13"]
[EventType "swiss (blitz)"]
[EventRounds "11"]
[EventCountry "USA"]
[SourceTitle "CB08_2024"]
[SourceDate "2024.02.21"]
[SourceVersion "1"]
[SourceVersionDate "2024.02.21"]
[SourceQuality "1"]

1. e4 c6 2. d4 d5 3. e5 Bf5 4. Nc3 e6 5. g4 Bg6 6. Nge2 c5 7. h4 h5 8. Nf4 Bh7 9. Nxh5 Nc6 10. dxc5 Bxc5 11. Bg5 Qb6 12. Bb5 a6 13. Bxc6+ bxc6 14. Qf3 Bf8 15. 0-0-0 Rb8 16. b3 Ne7 17. Rhe1 Qa5 18. Na4 Nc8 19. Bd2 Qd8 20. Bc3 Bg6 21. Bd4 Bxh5 22. gxh5 Qxh4 23. Nc5 Qxh5 24. Qxh5 Rxh5 25. Nxa6 Rb7 26. Nc5 Rb4 27. c3 Rb8 28. Kc2 Ne7 29. Rh1 Rh6 30. Rxh6 gxh6 31. Na6 Rb7 32. Nc5 Rb8 33. Na6 Rc8 34. Bc5 Ng6 35. Bxf8 Kxf8 36. Re1 Ke7 37. Nc5 h5 38. a4 h4 39. a5 h3 40. a6 Ra8 41. Rh1 Nxe5 42. Rxh3 Nd7 43. Nxd7 Kxd7 44. Rh7 Ke7 45. b4 Rxa6 46. Kd3 Ra2 47. Rh2 Kd6 48. Rg2 Rb2 49. Rg3 Rxf2 0-1

[Event "Titled Tuesday intern op 13th Feb Early"]
[Site "Chess.com INT"]
[Date "2024.02.13"]
[Round "2"]
[White "Trost, Edvin"]
[Black "Donchenko, Alexander"]
[Result "1-0"]
[WhiteElo "2434"]
[BlackElo "2636"]
[PlyCount "155"]
[EventDate "2024.02.13"]
[EventType "swiss (blitz)"]
[EventRounds "11"]
[EventCountry "USA"]
[SourceTitle "CB08_2024"]
[SourceDate "2024.02.21"]
[SourceVersion "1"]
[SourceVersionDate "2024.02.21"]
[SourceQuality "1"]

1. e4 c5 2. Nf3 e6 3. d4 cxd4 4. Nxd4 Nc6 5. Nc3 Qc7 6. Be2 Nf6 7. 0-0 a6 8. Be3 Be7 9. Nb3 0-0 10. f4 d6 11. Bf3 b5 12. g4 Bb7 13. g5 Nd7 14. h4 Na5 15. Nxa5 Qxa5 16. h5 g6 17. h6 Rac8 18. Qd3 b4 19. Ne2 Nc5 20. Qd4 e5 21. fxe5 Ne6 22. Qa7 Rb8 23. exd6 Bxd6 24. Rad1 Qe5 25. Rf2 Nxg5 26. Bg2 Qh2+ 27. Kf1 Nh3 28. Rxd6 Qxd6 29. Bxh3 Qd1+ 30. Kg2 Bxe4+ 31. Kg3 Qd6+ 32. Bf4 Qd5 33. Qd4 Qxd4 34. Nxd4 Rbd8 35. Be5 Rfe8 36. Kf4 Rd5 37. Bf6 g5+ 38. Kg3 Bg6 39. Bg2 Rd6 40. Nc6 Ree6 41. Ne7+ Kf8 42. Nxg6+ fxg6 43. Be5+ Ke7 44. Bxd6+ Kxd6 45. Bh3 Re3+ 46. Kg2 Ke7 47. Bg4 Re4 48. Re2 Rxe2+ 49. Bxe2 a5 50. Bc4 Kf6 51. Bg8 g4 52. Bxh7 Kg5 53. Bg8 Kxh6 54. Kg3 Kg5 55. Be6 Kf6 56. Bxg4 Ke5 57. Kf3 Kd4 58. Ke2 Ke4 59. Bd7 g5 60. c3 bxc3 61. bxc3 Kd5 62. Kd3 Kd6 63. Bg4 Kc5 64. c4 a4 65. a3 Kc6 66. Kd4 Kd6 67. c5+ Kc7 68. Bf3 Kd7 69. c6+ Kc7 70. Kc5 Kc8 71. Kd6 Kd8 72. c7+ Kc8 73. Bg4+ Kb7 74. c8Q+ Kb6 75. Qc5+ Ka6 76. Be2+ Kb7 77. Qc7+ Ka8 78. Bf3# 1-0

[Event "Titled Tuesday intern op 06th Feb Early"]
[Site "Chess.com INT"]
[Date "2024.02.06"]
[Round "1"]
[White "Donchenko, Alexander"]
[Black "Manukian, Artak"]
[Result "1-0"]
[WhiteElo "2636"]
[BlackElo "2196"]
[PlyCount "53"]
[EventDate "2024.02.06"]
[EventType "swiss (blitz)"]
[EventRounds "11"]
[EventCountry "USA"]
[SourceTitle "CB07_2024"]
[SourceDate "2024.02.14"]
[SourceVersion "1"]
[SourceVersionDate "2024.02.14"]
[SourceQuality "1"]

1. c4 g6 2. g3 h5 3. Nf3 d6 4. Nc3 e5 5. d4 Nc6 6. dxe5 Nxe5 7. Nxe5 dxe5 8. Qxd8+ Kxd8 9. Bg2 c6 10. b3 Bg7 11. Ba3 Nf6 12. 0-0-0+ Ke8 13. h3 Be6 14. Bd6 Nd7 15. Ne4 f5 16. Ng5 Bh6 17. h4 Bxg5+ 18. hxg5 Kf7 19. e4 fxe4 20. Bxe4 Bf5 21. Bxf5 gxf5 22. Bc7 Nc5 23. Bxe5 Rhd8 24. Bd4 Ne6 25. Be3 Rxd1+ 26. Rxd1 Ke7 27. Rh1 1-0

[Event "Titled Tuesday intern op 06th Feb Early"]
[Site "Chess.com INT"]
[Date "2024.02.06"]
[Round "4"]
[White "Vardanyan, Aras"]
[Black "Donchenko, Alexander"]
[Result "0-1"]
[WhiteElo "2299"]
[BlackElo "2636"]
[PlyCount "174"]
[EventDate "2024.02.06"]
[EventType "swiss (blitz)"]
[EventRounds "11"]
[EventCountry "USA"]
[SourceTitle "CB07_2024"]
[SourceDate "2024.02.14"]
[SourceVersion "1"]
[SourceVersionDate "2024.02.14"]
[SourceQuality "1"]

1. c4 g6 2. g3 c5 3. Bg2 Nc6 4. Nc3 Bg7 5. Nf3 Nh6 6. 0-0 Nf5 7. d3 h5 8. h4 d6 9. Qd2 a6 10. b3 0-0 11. Bb2 Rb8 12. Ne4 e5 13. a3 b5 14. cxb5 axb5 15. e3 Nfe7 16. Nc3 d5 17. Rac1 Qd6 18. e4 d4 19. Nd5 Be6 20. Ng5 Nxd5 21. Nxe6 fxe6 22. exd5 exd5 23. Qc2 e4 24. Qxc5 Qxc5 25. Rxc5 Ne5 26. Rxd5 Nxd3 27. Bxd4 Rbd8 28. Rxd8 Rxd8 29. Bxg7 Kxg7 30. Bxe4 Nc5 31. Bc6 Nxb3 32. Bxb5 Nd4 33. Bc4 Ra8 34. Rd1 Nf3+ 35. Kg2 Ne5 36. Bb5 Rxa3 37. Rd5 Kf6 38. Be2 Ra2 39. Kf1 Ra1+ 40. Rd1 Ra2 41. f4 Nf7 42. Rd7 Ra3 43. Kf2 Nh6 44. Rd6+ Kg7 45. Bd3 Ng4+ 46. Ke2 Nf6 47. Ke3 Ra7 48. Kd4 Re7 49. Bc4 Ne4 50. Rd5 Nxg3 51. Bd3 Rf7 52. Ke3 Rf6 53. Kf3 Nf5 54. Bxf5 gxf5 55. Rd7+ Kg6 56. Ra7 Rb6 57. Ra3 Kf6 58. Re3 Rb4 59. Rd3 Ke6 60. Re3+ Kf6 61. Rd3 Re4 62. Rc3 Rd4 63. Rb3 Ke6 64. Rb6+ Rd6 65. Rb3 Rc6 66. Rd3 Rc5 67. Ra3 Kd5 68. Rd3+ Ke6 69. Re3+ Kd6 70. Rd3+ Rd5 71. Ra3 Rd4 72. Ke3 Re4+ 73. Kf3 Rc4 74. Ra6+ Kd5 75. Ra5+ Rc5 76. Ra3 Kd4 77. Ra4+ Rc4 78. Ra5 Rc3+ 79. Kf2 Rc5 80. Ra4+ Rc4 81. Ra5 Ke4 82. Ra6 Kxf4 83. Rh6 Rc2+ 84. Ke1 Kg4 85. Rg6+ Kxh4 86. Kf1 Rc4 87. Kg1 Rg4+ 0-1

[Event "Bundesliga 2324"]
[Site "Germany"]
[Date "2024.02.04"]
[Round "8.2"]
[White "Donchenko, Alexander"]
[Black "Abel, Dennes"]
[Result "1/2-1/2"]
[WhiteElo "2676"]
[BlackElo "2404"]
[PlyCount "89"]
[EventDate "2023.10.21"]
[EventType "team-tourn"]
[EventRounds "15"]
[EventCountry "GER"]
[SourceTitle "CB06_2024"]
[SourceDate "2024.02.07"]
[SourceVersion "1"]
[SourceVersionDate "2024.02.07"]
[SourceQuality "1"]
[WhiteTeam "Baden-Baden"]
[BlackTeam "Lister Turm"]
[WhiteTeamCountry "GER"]
[BlackTeamCountry "GER"]

1. d4 Nf6 2. c4 g6 3. Nc3 Bg7 4. e4 d6 5. Be2 0-0 6. Nf3 Nbd7 7. 0-0 e5 8. Be3 Qe7 9. Qc2 c6 10. Rad1 h6 11. dxe5 dxe5 12. a3 Nh5 13. Qc1 Nf4 14. Bxf4 exf4 15. Qxf4 Re8 16. Rfe1 h5 17. Qe3 Nc5 18. Nd4 Nxe4 19. Bf3 Nxc3 20. Qxc3 Be6 21. Qc1 Bxd4 22. Rxd4 Rad8 23. Qc3 Rxd4 24. Qxd4 a6 25. h4 Rd8 26. Qf4 Qc5 27. Rxe6 fxe6 28. Qf6 Rf8 29. Qxg6+ Kh8 30. Qh6+ Kg8 31. Qxe6+ Kg7 32. b4 Qf5 33. Qe2 Qf4 34. Bxh5 Qc1+ 35. Kh2 Qf4+ 36. Kh3 Qf5+ 37. Bg4 Qxf2 38. Qe7+ Qf7 39. Qc5 Qf6 40. h5 Rf7 41. b5 cxb5 42. cxb5 b6 43. Qc4 axb5 44. Qxb5 Re7 45. a4 1/2-1/2

[Event "Chessable Masters Play In"]
[Site "Chess.com INT"]
[Date "2024.01.31"]
[Round "6"]
[White "Andreikin, Dmitry"]
[Black "Donchenko, Alexander"]
[Result "1-0"]
[WhiteElo "2729"]
[BlackElo "2643"]
[PlyCount "71"]
[EventDate "2024.01.31"]
[EventType "swiss (rapid)"]
[EventRounds "9"]
[EventCountry "USA"]
[SourceTitle "CB06_2024"]
[SourceDate "2024.02.07"]
[SourceVersion "1"]
[SourceVersionDate "2024.02.07"]
[SourceQuality "1"]

1. d4 Nf6 2. Bg5 d5 3. Nd2 c5 4. dxc5 Na6 5. e4 Nxc5 6. exd5 Qxd5 7. Ngf3 Ne6 8. Bc4 Qa5 9. b4 Qc7 10. Bh4 g6 11. Bg3 Qb6 12. a4 a6 13. c3 Bg7 14. a5 Qc6 15. 0-0 0-0 16. Ne5 Qe8 17. Re1 Nh5 18. Bh4 Kh8 19. Qb3 g5 20. Bg3 Nxg3 21. hxg3 Nd8 22. Rad1 f6 23. Nd3 Bg4 24. Nf3 e5 25. Nc5 Rc8 26. Re4 Qh5 27. Rd6 f5 28. Re1 Rc6 29. Rxc6 Nxc6 30. Ne6 Rf6 31. Nexg5 Bxf3 32. Nf7+ Rxf7 33. Bxf7 Qg5 34. gxf3 f4 35. Qe6 Bf8 36. Qg4 1-0